Estatísticas para Personagens Looney Tunes

Clique aqui para jogar o quiz

Estatísticas Gerais

  • Esse quiz foi jogado 32 vezes
  • A pontuação média é 9 de 15

Estatísticas das Respostas

Personagens% Correto
Pernalonga
97%
Patolino
90%
Piu-Piu
77%
Frajola
73%
Gaguinho
73%
Taz
67%
Vovó
60%
Coiote
57%
Papa-Léguas
53%
Frangolino
47%
Eufrazino
43%
Ligeirinho
43%
Hortelino Troca-Letras
37%
Pepe
37%
Marvin
33%

Distribuição das Pontuações

Percentil de Números Respondidos

Porcentagem de Pessoas com Cada Pontuação

Sua Pontuação Histórica

Você não jogou esse quiz